000 00980nam a22002651i 4500
003 SA-RiAUC
005 20251113120508.0
008 251019s2002 ua g 000 0 ara c
020 _a9772532964
040 _aJO-AmJU
_bara
_cSA-RiAUC
_erda
043 _aawgz---
_aa-is---
082 0 4 _a956.903
090 _a956.903
_bح ل م
100 1 _aحلمي، مصطفى،
_d1932-
_eمؤلف.
245 1 0 _aنكبة فلسطين من منظور فقه التاريخ /
_cمصطفى حلمي.
264 1 _aالإسكندرية، مصر :
_bدار الدعوة،
_c2002
300 _a227 صفحة ؛
_c24 سم
336 _aنص
_btxt
_2rdacontent
_3كتاب
337 _aبدون وسيط
_bn
_2rdamedia
338 _aمجلد
_bnc
_2rdacarrier
650 7 _aالنزاع العربي الإسرائيلي
_2aucsh
651 7 _aفلسطين
_xتاريخ
_yالاحتلال الإسرائيلي، 1948-
_2aucsh
942 _2ddc
_cBOOK
_n0
949 _aSA-JeALM
_d251019
_umohamedma123
_n1
999 _c13236
_d13236